000 01010nam0a2200289 4500
001 RU\NLR\bibl\1244082
005 20260409072551.0
010 _a978-5-699-25242-8
_910000
021 _aRU
_b2008-33525
_91842
035 _a(NLR Aleph) 001230243
090 _a193821
_c193821
100 _a20080623d2008 u y0rusy50 ca
101 0 _arus
102 _aRU
105 _ay |||||||||
200 1 _aЛучшие тосты и поздравления
_f[сост.: О. Савельева, В. Вайник]
210 _aМосква
_cЭКСМО
_aСанкт-Петербург
_cТерция
_d2008
215 _a61, [2] с.
_d17
225 1 _aОчень просто!
606 _aТосты (этногр.)
_3RU\NLR\auth\661059324
_91709316
686 _aТ52(2=Р)-524.1
702 1 _4220
_8rus
_7ca
_aСавельева
_bО. К.
_cпопуляризатор
_3RU\NLR\AUTH\7769912
_952840
801 0 _aRU
_bNLR
_c20080623
_gRCR
801 1 _aRU
_bNLR
_c20080623
942 _cBOOK
980 _aNB